| 000 | 00688nam a2200193 a 4500 | ||
|---|---|---|---|
| 001 | BRCA_7345 | ||
| 005 | 20190320205813.0 | ||
| 008 | 250113s2012----mx-a######---#000-0#spa-# | ||
| 020 | _a9786079590123 | ||
| 041 | _aspa | ||
| 050 | 4 | _bH47 2012 | |
| 100 | 1 |
_aHernández Sáenz, Luz María _918161 |
|
| 245 | 1 | 0 |
_aEspejismo y realidad _bMaximiliano y el diario del Imperio, 1865-1867 _cLuz María Hernández Sáenz. |
| 260 |
_aMéxico _bSecretaría de Gobernación ; AGN-México _c2012 |
||
| 300 |
_a158 p. _bil. (algunas a color), 10 h. plegables _c31 cm. _e1 DVD |
||
| 500 | _aIncluye referencias de las imágenes | ||
| 500 | _a2do. ejemplar en el Área de Investigación | ||
| 942 |
_2lcc _cB |
||
| 999 |
_c7021 _d7021 |
||